Τέχνη του βίου ή αληθής οδός εις την ευδαιμονίαν

Αποθηκεύτηκε σε:
Λεπτομέρειες βιβλιογραφικής εγγραφής
Άλλοι συγγραφείς: Τσάτσος, Αριστοτέλης (Μεταφραστής)
Μορφή: Βιβλίο
Γλώσσα:Greek
Δημοσίευση: Εν Ερμούπολει : Εκ της Τυπογραφείας Ν. Βαρβαρέσου, 1859.
Θέματα:
Ετικέτες: Προσθήκη ετικέτας
Δεν υπάρχουν, Καταχωρήστε ετικέτα πρώτοι!

MARC

LEADER 00000cam a2200000 i 4500
001 1/63742
008 150115s1859 gr | ||| |||| ||gre||
035 |l 10120466 
040 |a GR-MyUa  |b gre  |e AACR2 
041 0 |a gre 
082 7 |a 880.09   |2 (23) 
245 0 0 |a Τέχνη του βίου ή αληθής οδός εις την ευδαιμονίαν /   |c μεταφρασθέντα εις την καθομιλουμένην νεοελληνικήν χάριν κοινής ωφελείας υπό Αριστοτέλους Χ. Τσάτσου. 
260 |a Εν Ερμούπολει :   |b Εκ της Τυπογραφείας Ν. Βαρβαρέσου,   |c 1859. 
300 |a κδ', 196 σ. ;   |c 23 εκ. 
500 |a Στο recto σφραγίδα "Πορφυριάς Αστική Σχολη Καρλοβασίων" με αρ. 3110. 
505 8 |a Κάτω από τον τίτλο: Παραινετικοί λόγοι τρείς, Πλουτάρχου Χαιρωνέως Περί ανατροφής των τέκνων - Ισοκράτους του ρήτορος Περί χρηστοηθείας των νέων, Ξενοφώντος του Σωκρατικού - Περί οικονομίας, μετά δύο παραρτημάτων εκ των Πολιτικών και Ηθικών του Αριστοτέλους. 
650 0 |a Literature, Ancient  |x History and criticism. 
650 0 0 |a Classical literature. 
650 0 0 |a Greek literature  |x History and criticism. 
700 1 |a Τσάτσος, Αριστοτέλης,  |e trl 
852 |a INST  |b SAMOS  |c PORFYRIADA  |e 20150115  |h 880.09 ΤΣΑ  |p 005300041229  |q 005300041229  |t NOLOAN  |y 23 
901 |a BIBL3-2015-1 
970 |a ΣΙΤΖΙΜΗ  |b ΓΙΑΣΕΜΗ  |z 2015/01/15